Pension Funding and Valuation (Record no. 3512)

MARC details
000 -LEADER
fixed length control field 00335nam a22001337a 4500
008 - FIXED-LENGTH DATA ELEMENTS--GENERAL INFORMATION
fixed length control field 250515b |||||||| |||| 00| 0 eng d
020 ## - INTERNATIONAL STANDARD BOOK NUMBER
ISBN 1566982006
100 ## - MAIN ENTRY--AUTHOR
Author AITKEN, H. William
245 ## - TITLE STATEMENT
Title Pension Funding and Valuation
260 ## - PUBLICATION, DISTRIBUTION, ETC. (IMPRINT)
Place of publication U.S.A
Name of publisher Actex Publication
Date of publication 1994
300 ## - COLLATION
Pagination vi, 405p.
942 ## - ADDED ENTRY ELEMENTS (KOHA)
Item type Books
050 ## - LIBRARY OF CONGRESS CALL NUMBER
Classification number HD7105
Item number .A58
Holdings
Source of classification or shelving scheme Not for loan Permanent location Current location Date acquired Accession No. Full call number Barcode. Koha item type
Library of Congress Classification   Samuel Ogbemudia Main Library, University of Abuja Samuel Ogbemudia Main Library, University of Abuja 05/15/2025 2017-49961 HD7105.A58 2025-1984 Books
Library of Congress Classification   Samuel Ogbemudia Main Library, University of Abuja Samuel Ogbemudia Main Library, University of Abuja 05/15/2025 2017-49961 HD7105.A58 2025-1985 Books